| 000 | 00655nam a2200229Ia 4500 | ||
|---|---|---|---|
| 008 | 160303s9999 xx 000 0 und d | ||
| 050 | _aFIL KPM 1205 | ||
| 050 | _b.A43 1999 v.1 | ||
| 100 | _aAlcantara, Samson S. | ||
| 245 | _aPhilippine labor and social legislation annotated / | ||
| 245 | _cSamson S. Alcantara, Samson B. Alcantara, Jr. | ||
| 260 | _aQuezon City: | ||
| 260 | _bThe Philippines Labor Relations Journal, | ||
| 260 | _c1999 | ||
| 300 | _a1370 pages : | ||
| 300 | _billustrations ; | ||
| 300 | _c23 cm. | ||
| 440 | _vv.1 | ||
| 500 | _aIncludes index. | ||
| 650 | _aLabor laws and legislation -- | ||
| 650 | _xPhilippines. | ||
| 999 |
_c291438 _d291438 |
||